000 00312nam a22001097a 4500
082 _a397.2
_bUMA
100 _a صدیقی,ڈاکٹر عمیر محمود
_9112046
245 _aغزوۂ ہند Ghazwa e Hind /
_c,ڈاکٹر عمیر محمود صدیقی
260 _c2019
300 _a112p. ;
942 _2ddc
_cBK
999 _c594618
_d594618